000
00208nam a22000857a 4500
008
161228b xxu||||| |||| 00| 0 eng d
100
_9
2201
_a
Ojasvi
245
_a
Enjoy with Rhymes
260
_a
New Delhi
_b
Ojsvi
_c
2009
999
_c
5089
_d
5089